000 00550nam a22001937a 4500
003 KOHA_MİRAKIL
005 20251125071053.0
008 251125b tu ||||| |||| 00| 0 tur d
020 _a9786257650236
040 _aTR-AnABB
_btur
_cTR-AnABB
041 _atur
082 _a813.42
_bYIL 2021
100 1 _aYıldırım, Adil,
245 1 0 _aGecede saklı yalnız aşklar /
_cAdil Yıldırım
260 _aİstanbul :
_bİthaki Yayınları,
_c2021
300 _a268 sayfa ;
_c21 cm
650 0 4 _aTürk edebiyatı, roman
942 _2ddc
_cBK
999 _c9595
_d9595
900 _bGizem YORULMAZ